01654nam a22002657a 45000010005000000030006000050050017000110080041000280200015000690400029000840500016001130820011001291000035001402450071001752500041002462600034002873000040003215050007003615200886003685210018012545210018012726500034012906500032013247000032013567337FISKH20250710080750.0250710b cb ||||| |||| 00| 0 eng d a0439148022 aFISKHbengcFISKHdFISKH aPZ7.C5792 B a813.54 aCleary, Beverlyd(1916–2021) aBeezus and Ramona /cBeverly Cleary ; Illustrated by Louis Darling aThis edition first published in 2000 aNew York :bScholastic,c1955 a159 pages :billustrations ;c20 cm aL  aJuvenile Fiction. Juvenile Literature. Humor (Fiction.) HTML:Newbery Award winner Beverly Cleary delivers a humorous portrayal of the ups and downs of sisterhood. Both the younger and older siblings of the family will enjoy this book. Having a little sister like four-year-old Ramona isn't always easy for Beezus Quimby. With a wild imagination, disregard for order, and an appetite for chaos, Ramona makes it hard for Beezus to be the responsible older sister she knows she ought to be...especially when Ramona threatens to ruin Beezus's birthday party. Will Beezus find the patience to handle her little sister before Ramona turns her big day into a complete disaster? "An important reminder of the good that can come when you throw yourself fully into any situation and draw outside the lines," says Brightly in their article "12 Girls from Fiction Who Are Their Own Heroes." 8 a520 bLexile 8 aL bRaz-Plus  2Beverly ClearyaRamona Quimby 2Realistic fictionaSiblings aDarling, Louisdillustrator